Music Quiz

Random Music or Popular Quiz
Score 0/20 Timer 06:00
0 Plays Today
Hint Answer % Correct
Travelling WilburysGeorge Harrison
90.9%
CreamEric Clapton
90.4%
Travelling WilburysTom Petty
87.2%
CSNY*Neil Young
73.3%
Travelling WilburysRoy Orbison
71.9%
CSNY*Graham Nash
71.7%
CSNY*David Crosby
71.6%
CSNY*Stephen Stills
71.6%
Travelling WilburysBob Dylan
70.1%
AudioslaveChris Cornell
59.6%
Hint Answer % Correct
Travelling WilburysJeff Lynne
58.4%
CreamGinger Baker
54.3%
The HighwaymenJohnny Cash
52.4%
The HighwaymenWillie Nelson
50.8%
AudioslaveTom Morello
48.2%
The HighwaymenWaylon Jennings
41.9%
CreamJack Bruce
38.3%
The HighwaymenKris Kristofferson
37.9%
AudioslaveBrad Wilk
15.2%
AudioslaveTim Commerford
12.9%
Remove Ads.
Support Sporcle.
Get the best of Sporcle when you Go Orange. This ad-free experience offers more features, more stats, and more fun while also helping to support Sporcle. Thank you for becoming a member.

You're not logged in!

Compare scores with friends on all Sporcle quizzes.
OR
Log In

Show Comments

Extras

Top Quizzes Today


Score Distribution

Your Account Isn't Verified!

In order to create a playlist on Sporcle, you need to verify the email address you used during registration. Go to your Sporcle Settings to finish the process.

Report this User

Report this user for behavior that violates our Community Guidelines.

Details: